Detalles MARC
| 000 -LEADER |
| longitud fija campo de control |
02246nam a22004097a 4500 |
| 003 - IDENTIFICADOR DE NUMERO DE CONTROL |
| control del campo |
AR-RoUNA |
| 005 - FECHA DE LA ULTIMA MODIFICACION |
| control del campo |
20260526120339.0 |
| 008 - CAMPO DE CONTROL - LIBROS |
| longitud fija campo de control |
260526b |||||||| |||| 00| 0 spa d |
| 040 ## - ORIGEN DE LA CATALOGACION |
| Agencia que cataloga la obra original |
AR-RoUNA |
| Idioma en que se cataloga |
spa |
| Entidad que modifico el registro |
AR-RoUNA |
| 041 ## - CODIGO DE IDIOMA |
| Codigo de idioma del texto / sonido o titulo separado |
spa |
| Codigo de idioma de la traduccion original y / o intermedios de texto |
spa |
| 044 ## - CODIGO DE PAIS / ENTIDAD PRODUCTORA |
| Codigo MARC del pais |
ag |
| 100 1# - ASIENTO PRINCIPAL - NOMBRE PERSONAL |
| Nombre personal |
Sinich, Elio Mario |
| 9 (RLIN) |
27752 |
| 245 10 - TITULO PROPIAMENTE DICHO |
| Titulo |
Edificios de sanidad Maternidades / |
| Mencion de responsabilidad, etc |
Elio Mario Sinich. |
| 260 ## - EDITORIAL - PUBLICACION, DISTRIBUCION, ETC. (Pie de imprenta) |
| Lugar de publicacion, distribucion, etc |
Santa Fe, Argentina : |
| Nombre del editor, distribuidor, etc |
Universidad Nacional del Litoral, |
| Fecha de publicacion |
1951 |
| 300 ## - DESCRIPCION FISICA |
| Extension |
40 p. |
| Otros detalles fisicos |
figuras, |
| Dimensiones |
35x22 cm |
| 500 ## - NOTA GENERAL |
| Nota general |
Programa de Teoría de la Arquitectura I -- Facultad de Arquitectura, Diseño y Urbanismo -- Universidad Nacional del Litoral |
| 505 0# - NOTA DE CONTENIDO CON FORMATO |
| Título |
CONTENIDO |
| 505 0# - NOTA DE CONTENIDO CON FORMATO |
| Título |
Hospital Intercommunal de Créteil / Fig.1 |
| 505 0# - NOTA DE CONTENIDO CON FORMATO |
| Título |
Hospital Center D'argenteuil / Fig.2 |
| 505 0# - NOTA DE CONTENIDO CON FORMATO |
| Título |
Hospital D'Aubonne / Fig.3 |
| 505 0# - NOTA DE CONTENIDO CON FORMATO |
| Título |
Hospital Luis Pasteur (Colmar, Francia) / Fig.4 |
| 505 0# - NOTA DE CONTENIDO CON FORMATO |
| Título |
Hospital Center Memorial De Saint-Lo, (Francia) / Fig.9 |
| 505 0# - NOTA DE CONTENIDO CON FORMATO |
| Título |
Hospital Materno Infantil Ramón Sardá, Buenos Aires, Argentina) / Fig.10 |
| 505 0# - NOTA DE CONTENIDO CON FORMATO |
| Título |
Rino Levi / Maternidad de la Escuela de Medicina de la Universidad de Sao Paulo, Brasil / Fig.14 |
| 505 0# - NOTA DE CONTENIDO CON FORMATO |
| Título |
Hospital Royal Jubilee (Victoria, Columbia Británica, Canadá) Fig.16 y 17 |
| 505 0# - NOTA DE CONTENIDO CON FORMATO |
| Título |
Hospital Facilities Section (Sección de Instalaciones Hospitalarias) fue una división del Servicio de Salud Pública de EE. UU. (U.S.P.H.S.) / Fig.27 |
| 520 3# - NOTA DE RESUMEN |
| Nota de resumen, etc. |
Documento teórico perteneciente a la Cátedra de Teoría de la Arquitectura, centrado en los edificios de sanidad y maternidades. El texto analiza el crecimiento de los nacimientos en hospitales y la evolución delas maternidades modernas como respuesta al avance de la ciencia médica, la higiene y las políticas sanitarias. También reflexiona sobre las condiciones habitacionales precarias y su incidencia en la salud materno-infantil, considerando alas maternidades como espacios fundamentales de asistencia y protección social. |
| 650 #4 - MATERIA - TERMINO TEMATICO |
| Término temático general |
Hospitales |
| 650 #4 - MATERIA - TERMINO TEMATICO |
| Término temático general |
Salud pública |
| 650 #4 - MATERIA - TERMINO TEMATICO |
| Término temático general |
Maternidad |
| 650 #4 - MATERIA - TERMINO TEMATICO |
| Término temático general |
Instalaciones |
| 908 ## - SOPORTE |
| Soporte |
Imp |
| 930 ## - ACCESION |
| Numero de accesion (NR) |
12327 |
| 942 ## - FUENTE DE CLASIFICACION |
| Clasificacion |
Universal Decimal Classification |
| Tipo de item |
Libro |
| 945 ## - INFORMACION DE PROCESAMIENTO |
| Fecha de ingreso o modificacion |
2026-05-26 |
| Codigo del operador |
MIA |
| 980 ## - DECLARACIÓN DE EQUIVALENCIA O SERIE DE REFERENCIA CRUZADA - NOMBRE / TÍTULO PERSONAL [LOCAL, CANADÁ] |
| Código del operador |
1 |
| Nombre del operador |
Maricel Allasia |
| Código del operador que modifico el registro |
1 |
| Nombre del operador que modifico el registro |
Maricel Allasia |